"Pohnúť kostrou" museli už naši predkovia
Vývoj v oblasti manažmentu prináša neustále požiadavky na zvyšovanie výkonnosti vo všetkých jeho odvetviach i oblastiach. Pozornosť sa koncentruje na ľudské zdroje, ich kultúru a východiskovú i vývoja schopnú fyzickú, či psychickú kvalitu, aktívne zdravie. Doslova každým dňom docháda k rozširovaniu...
Enregistré dans:
| Auteur principal: | |
|---|---|
| Format: | Chapitre de livre |
| Langue: | slovaque |
| Sujets: | |
| Tags: |
Pas de tags, Soyez le premier à ajouter un tag!
|
MARC
| LEADER | 00000naa a2200000 4500 | ||
|---|---|---|---|
| 001 | 0260572 | ||
| 005 | 20200102093341.8 | ||
| 041 | 0 | |a slo | |
| 044 | |a SK | ||
| 245 | 1 | 0 | |a "Pohnúť kostrou" museli už naši predkovia |c Pavel Malovič |
| 520 | |a Vývoj v oblasti manažmentu prináša neustále požiadavky na zvyšovanie výkonnosti vo všetkých jeho odvetviach i oblastiach. Pozornosť sa koncentruje na ľudské zdroje, ich kultúru a východiskovú i vývoja schopnú fyzickú, či psychickú kvalitu, aktívne zdravie. Doslova každým dňom docháda k rozširovaniu počtu pracovníkov schopných podať čo najvýraznejší výkon. Kvarteto testov. Ortostatická skúška. Ruffierov test. | ||
| 610 | 2 | 0 | |a výkonnosť |
| 610 | 2 | 0 | |a starostlivosť o zdravie |
| 610 | 2 | 0 | |a stresy |
| 610 | 2 | 0 | |a zdravie |
| 610 | 2 | 0 | |a kvalita života |
| 610 | 2 | 0 | |a namáhavosť práce |
| 100 | 1 | |a Malovič, Pavel | |